[Event "European Youth Chess Championship B10"]
[Site "Prague, Top Hotel Prague"]
[Date "2016.08.25"]
[Round "7.10"]
[White "Mizrahi, Ido"]
[Black "Pavlov, Mark"]
[Result "1/2-1/2"]
[WhiteElo "1827"]
[BlackElo "1538"]
[PlyCount "80"]
[EventDate "2016.08.18"]

1. d4 Nf6 2. c4 c5 3. d5 b5 4. Qc2 d6 5. e4 g6 6. cxb5 Bg7 7. Nf3 O-O 8. Nc3 a6
9. Bf4 axb5 10. Bxb5 Bd7 11. Bc4 Na6 12. O-O Nc7 13. h3 Qb8 14. e5 Nfe8 15. Qe2
Qd8 16. Rfd1 Bc8 17. Rab1 Ba6 18. b3 Bxc4 19. bxc4 Na6 20. Rb3 Nec7 21. Ne4 Ne8
22. Rdb1 f6 23. exd6 exd6 24. a3 Rf7 25. Qd1 h6 26. h4 f5 27. Nc3 Nec7 28. Nb5
Bf8 29. Qd2 Kh7 30. Qb2 Bg7 31. Qc1 Bf8 32. Nxc7 Qxc7 33. Rb5 Ra7 34. Qb2 Bg7
35. Qb3 Bf8 36. Rb6 Nb4 37. Rb5 Na6 38. Rb6 Nb4 39. Rb5 Na6 40. Rb6 Nb4 1/2-1/2

[Event "European Youth Chess Championship B10"]
[Site "Prague, Top Hotel Prague"]
[Date "2016.08.25"]
[Round "7.11"]
[White "Lazavik, Denis"]
[Black "Paduano, Claudio"]
[Result "1-0"]
[WhiteElo "1704"]
[BlackElo "1860"]
[PlyCount "71"]
[EventDate "2016.08.18"]

1. Nf3 d5 2. g3 c5 3. Bg2 Nc6 4. d4 cxd4 5. Nxd4 e5 6. Nxc6 bxc6 7. c4 Bb4+ 8.
Nc3 Ne7 9. cxd5 Bxc3+ 10. bxc3 cxd5 11. Ba3 Be6 12. O-O Qc7 13. Bxe7 Kxe7 14.
Bxd5 Rhd8 15. c4 Bxd5 16. cxd5 Qc4 17. Rc1 Qxd5 18. Rc7+ Kf8 19. Qxd5 Rxd5 20.
Rb1 e4 21. Rbb7 Rf5 22. Rxa7 Rd8 23. Re7 Rd4 24. a4 g6 25. a5 Ra4 26. g4 Rf4
27. h3 Ra2 28. Kf1 Ra1+ 29. Kg2 Ra2 30. Kg3 g5 31. Re5 Rxe2 32. Ra8+ Kg7 33.
Rxg5+ Kf6 34. Kxf4 Rxf2+ 35. Ke3 Rf3+ 36. Kxe4 1-0

[Event "European Youth Chess Championship B10"]
[Site "Prague, Top Hotel Prague"]
[Date "2016.08.25"]
[Round "7.12"]
[White "Dudarev, Vladislav"]
[Black "Lystsov, Leonid"]
[Result "0-1"]
[WhiteElo "1821"]
[BlackElo "1705"]
[PlyCount "72"]
[EventDate "2016.08.18"]

1. e4 g6 2. d4 Bg7 3. c4 d6 4. Nf3 Nf6 5. Nc3 O-O 6. Be2 c5 7. d5 Na6 8. h3 Nc7
9. Be3 Bd7 10. Qd2 Rb8 11. a4 a6 12. a5 b5 13. axb6 Rxb6 14. O-O Qb8 15. Ra2
Qb7 16. Ne1 Rb8 17. Nd3 Rb3 18. Bd1 Rxc3 19. bxc3 Nxe4 20. Qc2 Nxc3 21. Rb2 Qa7
22. Rxb8+ Qxb8 23. Bf3 Bd4 24. Qc1 Qb3 25. Bd2 Na2 26. Qb1 Qxc4 27. Qb8+ Ne8
28. Bd1 Bb5 29. Nf4 Qxf1+ 30. Kh2 Qxd1 31. Be3 Be5 32. Qd8 g5 33. Qxe7 gxf4 34.
Qg5+ Kh8 35. Bxc5 f3+ 36. g3 Qf1 0-1

[Event "European Youth Chess Championship B10"]
[Site "Prague, Top Hotel Prague"]
[Date "2016.08.25"]
[Round "7.13"]
[White "Rozen, Eytan"]
[Black "Creanga, Robert-Ionut"]
[Result "0-1"]
[WhiteElo "1702"]
[BlackElo "1809"]
[PlyCount "68"]
[EventDate "2016.08.18"]

1. e4 c5 2. c3 Nf6 3. e5 Nd5 4. d4 cxd4 5. cxd4 e6 6. Nf3 d6 7. Bc4 Nc6 8. Bd2
Be7 9. Nc3 Nxc3 10. Bxc3 O-O 11. O-O Qc7 12. Rc1 dxe5 13. dxe5 Rd8 14. Qe2 Bd7
15. Bd3 Be8 16. Qe4 g6 17. Nd4 Nxd4 18. Bxd4 Qd7 19. Be3 Qxd3 20. Qxb7 Bf8 21.
Rc3 Qd5 22. Qc7 Bb5 23. Re1 Bb4 24. Bg5 Rd7 25. Qc8+ Rxc8 26. Rxc8+ Kg7 27.
Bf6+ Kh6 28. g4 Bxe1 29. Rc2 Bc6 30. Kf1 Qd3+ 31. Re2 Bf3 32. Bg5+ Kxg5 33. h4+
Kxh4 34. Kg1 Qxe2 0-1

[Event "European Youth Chess Championship B10"]
[Site "Prague, Top Hotel Prague"]
[Date "2016.08.25"]
[Round "7.14"]
[White "Krupa, Miroslav"]
[Black "Wojdak, Jan"]
[Result "1/2-1/2"]
[WhiteElo "1808"]
[BlackElo "1681"]
[PlyCount "65"]
[EventDate "2016.08.18"]

1. e4 c5 2. Nf3 Nc6 3. d4 cxd4 4. Nxd4 Nf6 5. Nc3 d6 6. Bg5 e6 7. Qd2 a6 8.
O-O-O Bd7 9. f4 h6 10. Bh4 Nxe4 11. Qe1 Nf6 12. Nf5 Qa5 13. Nxd6+ Bxd6 14. Rxd6
O-O-O 15. Rd1 Be8 16. Be2 Ne7 17. Rxd8+ Qxd8 18. Qf2 Bc6 19. Rd1 Qc7 20. Kb1
Rd8 21. Rxd8+ Qxd8 22. Bd3 Ned5 23. Qc5 Nxc3+ 24. bxc3 Qe8 25. f5 e5 26. Bxf6
gxf6 27. g3 e4 28. Be2 e3 29. a3 Kc7 30. Qd4 Qe5 31. Kc1 Qxf5 32. Qxe3 Qg5 33.
Kd2 1/2-1/2

[Event "European Youth Chess Championship B10"]
[Site "Prague, Top Hotel Prague"]
[Date "2016.08.25"]
[Round "7.15"]
[White "Pidluznij, Gleb"]
[Black "Piccinno, Matteo"]
[Result "0-1"]
[WhiteElo "1617"]
[BlackElo "1772"]
[PlyCount "70"]
[EventDate "2016.08.18"]

1. d4 Nf6 2. Nf3 e6 3. Bg5 Be7 4. Nbd2 b6 5. c3 Bb7 6. e3 Ne4 7. Bf4 f5 8. Be2
d6 9. O-O g5 10. Bg3 O-O 11. Bc4 d5 12. Bd3 f4 13. Qc2 fxg3 14. hxg3 g4 15. Ne5
Nd7 16. Nxd7 Qxd7 17. Nxe4 dxe4 18. Bxe4 Bxe4 19. Qxe4 Kh8 20. Qxg4 Rg8 21. Qe2
Raf8 22. e4 Rf7 23. Qe3 Bg5 24. f4 Bd8 25. Rad1 Rfg7 26. Rf3 h5 27. Rd2 c6 28.
c4 Be7 29. Kh2 Qe8 30. a3 Rg4 31. d5 Qg6 32. Qe1 h4 33. Rdd3 Bc5 34. Qf1 hxg3+
35. Kh3 Qh5# 0-1

[Event "European Youth Chess Championship B10"]
[Site "Prague, Top Hotel Prague"]
[Date "2016.08.25"]
[Round "7.16"]
[White "Georgiev, Konstantin"]
[Black "Palchuk, Andrii"]
[Result "1/2-1/2"]
[WhiteElo "1760"]
[BlackElo "1649"]
[PlyCount "105"]
[EventDate "2016.08.18"]

1. e4 c5 2. Nf3 d6 3. d4 cxd4 4. Nxd4 Nf6 5. Nc3 g6 6. Be2 Bg7 7. Be3 O-O 8. h3
Nc6 9. Qd2 Nxd4 10. Bxd4 Be6 11. g4 a6 12. a4 Rc8 13. g5 Nd7 14. h4 Bxd4 15.
Qxd4 Qb6 16. O-O-O Qxd4 17. Rxd4 Ne5 18. Rb4 Rc7 19. f4 Nc6 20. Rb6 Rd8 21. Rf1
Nd4 22. Bd3 f6 23. f5 gxf5 24. exf5 Bf7 25. gxf6 exf6 26. Rf4 Nc6 27. Ne4 Kg7
28. Rg4+ Kh8 29. Nxf6 d5 30. Rg1 Rd6 31. Ng4 Rd8 32. f6 Rg8 33. Rg2 Ne5 34.
Nxe5 Rxg2 35. Rd6 Rg8 36. Be2 Rgc8 37. c3 Kg8 38. Bg4 Rb8 39. h5 Re8 40. Nxf7
Kxf7 41. h6 Re5 42. Bf3 Kg6 43. Bxd5 Kxh6 44. f7+ Kg7 45. Rd8 Rxf7 46. Bxf7
Kxf7 47. b4 h5 48. Kc2 Re7 49. c4 Kg6 50. b5 axb5 51. axb5 h4 52. b6 Kf5 53.
Rc8 1/2-1/2

[Event "European Youth Chess Championship B10"]
[Site "Prague, Top Hotel Prague"]
[Date "2016.08.25"]
[Round "7.17"]
[White "Silich, Yahor"]
[Black "Hrbek, Stepan"]
[Result "1-0"]
[WhiteElo "1639"]
[BlackElo "1760"]
[PlyCount "49"]
[EventDate "2016.08.18"]

1. e4 c5 2. Nf3 d6 3. Bb5+ Bd7 4. Bxd7+ Qxd7 5. O-O g6 6. Nc3 Bg7 7. d3 Nc6 8.
Be3 Nf6 9. Nd2 O-O 10. h3 b6 11. Bg5 d5 12. Qe1 Nb4 13. Qd1 dxe4 14. Bxf6 Bxf6
15. Ndxe4 Bg7 16. Re1 f5 17. Nd2 e5 18. Nc4 Rfe8 19. a3 Nd5 20. Qf3 Nxc3 21.
bxc3 b5 22. Nxe5 Qd6 23. d4 cxd4 24. cxd4 Qxd4 25. Qb3+ 1-0

[Event "European Youth Chess Championship B10"]
[Site "Prague, Top Hotel Prague"]
[Date "2016.08.25"]
[Round "7.18"]
[White "Spizharny, Mikhail"]
[Black "Samadov, Read"]
[Result "1/2-1/2"]
[WhiteElo "1754"]
[BlackElo "1611"]
[PlyCount "46"]
[EventDate "2016.08.18"]

1. Nf3 c5 2. b3 Nf6 3. c4 e6 4. Bb2 Nc6 5. g3 d5 6. cxd5 exd5 7. e3 Bd6 8. d4
Bg4 9. dxc5 Bxc5 10. Bg2 d4 11. exd4 Nxd4 12. O-O O-O 13. Nbd2 Nxf3+ 14. Nxf3
Qxd1 15. Raxd1 Rad8 16. h3 Bh5 17. g4 Bg6 18. Ne5 Be4 19. Rfe1 Bxg2 20. Kxg2
Nd5 21. Nd3 Bd6 22. Re4 Rfe8 23. Rd4 Bc7 1/2-1/2

[Event "European Youth Chess Championship B10"]
[Site "Prague, Top Hotel Prague"]
[Date "2016.08.25"]
[Round "7.19"]
[White "Dobre, Radu-Fabian"]
[Black "Tobak, Mikhail"]
[Result "1-0"]
[WhiteElo "1718"]
[BlackElo "1315"]
[PlyCount "71"]
[EventDate "2016.08.18"]

1. e4 d6 2. d4 Nf6 3. Nc3 g6 4. Nf3 Bg7 5. Be2 O-O 6. O-O Nbd7 7. Be3 e5 8.
dxe5 dxe5 9. Nd2 c6 10. a4 Re8 11. f3 Qe7 12. Nc4 Rd8 13. Qd6 Qxd6 14. Nxd6 Nf8
15. Rfd1 Ne6 16. Bc4 Bf8 17. Bxe6 Bxe6 18. Nxb7 Rdb8 19. Na5 Rxb2 20. Rdc1 Bb4
21. Nd1 Ra2 22. Nxc6 Rxa1 23. Rxa1 Bd6 24. Nxa7 Bd7 25. Nc3 Bb8 26. Nab5 Ne8
27. Bb6 Nd6 28. Nxd6 Bxd6 29. a5 Ra6 30. Nd5 Be6 31. c4 Bxd5 32. exd5 Kf8 33.
c5 Rxb6 34. cxb6 Bb8 35. a6 Bd6 36. a7 1-0

[Event "European Youth Chess Championship B10"]
[Site "Prague, Top Hotel Prague"]
[Date "2016.08.25"]
[Round "7.20"]
[White "Kolchin, Maxim"]
[Black "Tham, Nam"]
[Result "1-0"]
[WhiteElo "1590"]
[BlackElo "1698"]
[PlyCount "111"]
[EventDate "2016.08.18"]

1. d4 Nf6 2. Bg5 e6 3. e4 h6 4. Bxf6 Qxf6 5. c3 d5 6. Nd2 Nd7 7. Bd3 Qd8 8. Ne2
Be7 9. O-O O-O 10. f4 c5 11. e5 Qb6 12. Rf3 Re8 13. Rg3 Bf8 14. Kh1 Qd8 15. Ng1
Qe7 16. Qh5 g6 17. Ngf3 Bg7 18. Qh3 Nf8 19. Nf1 Bd7 20. Ne3 Rec8 21. Rf1 c4 22.
Bc2 b5 23. Nh4 Rc6 24. Qg4 Be8 25. f5 exf5 26. Nhxf5 Qd8 27. Nxd5 Re6 28. Nf4
Rb6 29. Nh5 Ne6 30. Nhxg7 Nxg7 31. Nxh6+ Kf8 32. Bxg6 Qc8 33. Bxf7 Qxg4 34.
Bd5+ Ke7 35. Rxg4 Rc8 36. Rxg7+ Kd8 37. Nf7+ Kc7 38. Nd6+ Kb8 39. Nxc8 Kxc8 40.
Rf8 Kd8 41. Rgg8 Kd7 42. Rxe8 Ra6 43. Rd8+ Kc7 44. a3 b4 45. h3 bxa3 46. bxa3
Rxa3 47. Bxc4 Rxc3 48. Rc8+ Kd7 49. Bb5+ Ke7 50. Rxc3 a6 51. Rc7+ Ke6 52. Bc4+
Kf5 53. e6 a5 54. e7 a4 55. e8=Q a3 56. Qe5# 1-0

[Event "European Youth Chess Championship B10"]
[Site "Prague, Top Hotel Prague"]
[Date "2016.08.25"]
[Round "7.21"]
[White "Maurizzi, Marc Andria"]
[Black "Gherghinoiu, Lucas"]
[Result "1-0"]
[WhiteElo "1824"]
[BlackElo "1573"]
[PlyCount "102"]
[EventDate "2016.08.18"]

1. e4 c5 2. Nf3 e6 3. d4 cxd4 4. Nxd4 a6 5. Bd3 g6 6. Be3 Bg7 7. Nd2 Nf6 8. a4
O-O 9. O-O Qc7 10. a5 Nc6 11. Nxc6 bxc6 12. Nc4 d5 13. Nb6 Rb8 14. exd5 Nxd5
15. Bc5 Re8 16. c3 Bf8 17. Bxf8 Rxf8 18. Nc4 Rd8 19. Qc2 Bb7 20. g3 Rd7 21. Be4
Rbd8 22. Rfd1 Nf6 23. Bg2 Kf8 24. Nb6 Rd6 25. b4 Ke7 26. Na4 Rxd1+ 27. Rxd1
Rxd1+ 28. Qxd1 Qd6 29. Qxd6+ Kxd6 30. Kf1 Nd5 31. Ke2 f5 32. Kd3 Nf6 33. Nc5
Bc8 34. h3 Nd7 35. Nxd7 Bxd7 36. f4 h6 37. Kd4 g5 38. c4 e5+ 39. fxe5+ Ke6 40.
Bf1 f4 41. gxf4 gxf4 42. Ke4 f3 43. c5 Bc8 44. Bc4+ Ke7 45. Kxf3 Bb7 46. Ke4
Bc8 47. h4 Bb7 48. Kf5 Bc8+ 49. Kg6 Bb7 50. Kxh6 Bc8 51. h5 Bb7 1-0

[Event "European Youth Chess Championship B10"]
[Site "Prague, Top Hotel Prague"]
[Date "2016.08.25"]
[Round "7.22"]
[White "Anghel, Iulian-Mihai"]
[Black "Caputcuoglu, Zeki Berke"]
[Result "1-0"]
[WhiteElo "1777"]
[BlackElo "1569"]
[PlyCount "107"]
[EventDate "2016.08.18"]

1. d4 Nf6 2. Nf3 g6 3. Nbd2 Bg7 4. e4 d6 5. Bd3 Nbd7 6. O-O O-O 7. c3 e5 8. Re1
Re8 9. Nc4 b6 10. Bg5 h6 11. Bh4 Bb7 12. Bxf6 Bxf6 13. Qc2 Nf8 14. d5 Qe7 15.
Ne3 a6 16. Rac1 Nd7 17. b4 Rec8 18. Bc4 b5 19. Bb3 a5 20. a3 Nb6 21. Qd3 axb4
22. axb4 Ra3 23. Rb1 c6 24. dxc6 Bxc6 25. Nc2 Ra7 26. Qe3 Na4 27. Bxa4 Rxa4 28.
Qxh6 Ra2 29. Qd2 d5 30. exd5 Rd8 31. Ra1 Bxd5 32. Rxa2 Bxa2 33. Qe3 e4 34. Nfd4
Bxd4 35. Nxd4 f5 36. Nc6 Qd6 37. Nxd8 Qxd8 38. h3 Bb3 39. Qd4 Qh4 40. Qd6 Qg5
41. Qb8+ Kh7 42. Qxb5 Qd2 43. Re3 Bd5 44. Qe2 Qc1+ 45. Qe1 Qc2 46. Re2 Qd3 47.
Qd2 Qc4 48. Re1 Qc6 49. Rd1 Be6 50. Qd6 Qc8 51. Qe7+ Kh6 52. Rd8 Qxc3 53. Qh4+
Kg7 54. Qh8+ 1-0

[Event "European Youth Chess Championship B10"]
[Site "Prague, Top Hotel Prague"]
[Date "2016.08.25"]
[Round "7.23"]
[White "Hak, David"]
[Black "Aliyev, Farid"]
[Result "1-0"]
[WhiteElo "1747"]
[BlackElo "1482"]
[PlyCount "99"]
[EventDate "2016.08.18"]

1. e4 e6 2. d4 d5 3. e5 c5 4. c3 Nc6 5. Nf3 Qb6 6. Bd3 cxd4 7. cxd4 Bd7 8. Bc2
Bb4+ 9. Nc3 Nge7 10. O-O O-O 11. Bxh7+ Kxh7 12. Ng5+ Kg6 13. Ne2 Rh8 14. Nf4+
Kxg5 15. Nxd5+ Kg6 16. Nxb6 axb6 17. Qd3+ f5 18. Qg3+ Kf7 19. Be3 Nd5 20. Qf3
Kg8 21. Rfd1 f4 22. Bxf4 Rf8 23. g3 Nxf4 24. gxf4 Rh4 25. Rac1 Rhxf4 26. Qe3
Rg4+ 27. Kh1 Ne7 28. a3 Nf5 29. Qe2 Nh6 30. axb4 Bc6+ 31. Rxc6 bxc6 32. Qc2 Rc8
33. Rg1 Kf7 34. Rxg4 Nxg4 35. Qe2 Nh6 36. Qa6 Rh8 37. f3 g5 38. Qxb6 g4 39.
Qxc6 gxf3 40. Qxf3+ Nf5 41. d5 Rc8 42. Qh5+ Ke7 43. Qg5+ Ke8 44. Qg8+ Kd7 45.
Qxe6+ Kd8 46. Qxf5 Rc1+ 47. Kg2 Rc4 48. e6 Rxb4 49. Qf8+ Kc7 50. Qxb4 1-0

[Event "European Youth Chess Championship B10"]
[Site "Prague, Top Hotel Prague"]
[Date "2016.08.25"]
[Round "7.24"]
[White "Fiszer, Bartosz"]
[Black "Bogusz, Alan"]
[Result "1-0"]
[WhiteElo "1690"]
[BlackElo "1428"]
[PlyCount "83"]
[EventDate "2016.08.18"]

1. e4 c5 2. Nf3 e6 3. d4 cxd4 4. Nxd4 Nc6 5. Be3 Nf6 6. Nd2 Be7 7. Be2 b6 8. f4
Bb7 9. Bf3 Nxd4 10. Bxd4 d5 11. e5 Nd7 12. O-O Bc5 13. c3 O-O 14. Rc1 Rc8 15.
Qe2 Qe7 16. a3 Nb8 17. Qf2 Rc7 18. Nb3 Rfc8 19. Be2 Ba6 20. Bxa6 Nxa6 21. Qe2
Nb8 22. Qf2 Qd7 23. Qc2 h6 24. Kh1 Qe8 25. Rf2 Qb5 26. Rcf1 Nc6 27. a4 Qxa4 28.
Bxc5 bxc5 29. Nxc5 Qc4 30. Nd3 Nb4 31. Nxb4 Qxb4 32. Qd2 Qb5 33. f5 Rb7 34. f6
g5 35. h4 Qc4 36. Rf3 Qxh4+ 37. Rh3 Qg4 38. Rxh6 Rc4 39. Rf3 Qh4+ 40. Rxh4
Rxh4+ 41. Rh3 Rxh3+ 42. gxh3 1-0

[Event "European Youth Chess Championship B10"]
[Site "Prague, Top Hotel Prague"]
[Date "2016.08.25"]
[Round "7.25"]
[White "Unguroiu, Razvan-Marius"]
[Black "Ivanov, Artem"]
[Result "0-1"]
[WhiteElo "1450"]
[BlackElo "1689"]
[PlyCount "102"]
[EventDate "2016.08.18"]

1. c4 c5 2. Nf3 Nc6 3. d4 cxd4 4. Nxd4 e5 5. Nb5 d6 6. e4 Nf6 7. Bg5 a6 8. N5c3
Be6 9. Nd2 Nd4 10. Nb3 Nxb3 11. Qxb3 b5 12. Nd5 Bxd5 13. cxd5 Qa5+ 14. Bd2 Qd8
15. Bd3 Be7 16. O-O Nd7 17. Rac1 O-O 18. Qd1 Nc5 19. Bc2 Bf6 20. b4 Nd7 21. Qe2
g6 22. Kh1 Bg7 23. f4 exf4 24. Bxf4 Be5 25. Qe3 Bxf4 26. Qxf4 Ne5 27. Bb1 Qb6
28. Qf2 Qxf2 29. Rxf2 Rac8 30. Rff1 Kg7 31. h3 h5 32. Kh2 Rc4 33. Rxc4 Nxc4 34.
Rc1 Kf6 35. Bd3 Rc8 36. a4 Ke5 37. a5 Kd4 38. Bb1 Re8 39. Kg3 Re5 40. h4 f5 41.
exf5 gxf5 42. Kf4 Kxd5 43. Kg5 Ne3 44. g3 Kd4 45. Rc6 d5 46. Rxa6 Ng2 47. Rb6
f4+ 48. Kf6 f3 49. a6 f2 50. a7 f1=Q+ 51. Kg7 Re7+ 0-1

[Event "European Youth Chess Championship B10"]
[Site "Prague, Top Hotel Prague"]
[Date "2016.08.25"]
[Round "7.26"]
[White "Navumenka, Mikhei"]
[Black "Bancarewicz, Aleks"]
[Result "1-0"]
[WhiteElo "1681"]
[BlackElo "1444"]
[PlyCount "111"]
[EventDate "2016.08.18"]

1. d4 Nf6 2. Nf3 c5 3. g3 cxd4 4. Nxd4 d5 5. Bg2 e6 6. O-O Nc6 7. c4 e5 8. Nxc6
bxc6 9. Bg5 e4 10. Nc3 Be6 11. cxd5 cxd5 12. Bxf6 gxf6 13. Qa4+ Bd7 14. Qd4 Be6
15. Rfd1 Rb8 16. Qa4+ Qd7 17. Qxd7+ Kxd7 18. Bxe4 Rxb2 19. Bxd5 Bxd5 20. Nxd5
Ke6 21. Rac1 Bd6 22. Rc6 Rd8 23. Ne3 Rb6 24. Rxb6 axb6 25. Kg2 Ra8 26. Rd2 Bc5
27. Nd5 Rd8 28. Nf4+ Ke7 29. Rxd8 Kxd8 30. Nd5 f5 31. Kf3 Kd7 32. e3 Ke6 33.
Nc3 Bb4 34. Nb5 Bc5 35. Ke2 Kd5 36. Kd3 h6 37. Nd4 Ke5 38. f4+ Kf6 39. Nb3 Bd6
40. Kc4 Ke6 41. Nd4+ Kf6 42. a4 Bc5 43. a5 Bxd4 44. a6 Bxe3 45. Kb5 Bg1 46. a7
Bxh2 47. a8=Q Bxg3 48. Qd8+ Kg7 49. Qd4+ Kg6 50. Qg1 f6 51. Qxg3+ Kf7 52. Qh3
Kg6 53. Kxb6 h5 54. Kc6 Kh6 55. Kd7 Kg6 56. Ke7 1-0

[Event "European Youth Chess Championship B10"]
[Site "Prague, Top Hotel Prague"]
[Date "2016.08.25"]
[Round "7.27"]
[White "Bui, Bao Anh Le"]
[Black "Foughali, Younes"]
[Result "1-0"]
[WhiteElo "1659"]
[BlackElo "1359"]
[PlyCount "77"]
[EventDate "2016.08.18"]

1. e4 c5 2. Nf3 e6 3. c4 Nc6 4. Nc3 Nge7 5. Be2 Nd4 6. d3 Nec6 7. Be3 a6 8. a3
d6 9. Na2 e5 10. O-O Be7 11. Nxd4 Nxd4 12. f4 O-O 13. f5 Bg5 14. Bf2 g6 15. g4
gxf5 16. gxf5 Kh8 17. Kh1 Qf6 18. Rg1 b6 19. Nc3 Bb7 20. Nd5 Bxd5 21. cxd5 Qh6
22. Bh5 Be3 23. Bxe3 Qxe3 24. Rg3 Qf4 25. Qg4 Qxg4 26. Rxg4 f6 27. Rg2 Ra7 28.
Rag1 Raa8 29. Rg7 Rg8 30. Rd7 Rgd8 31. Rgg7 Rxd7 32. Rxd7 b5 33. Rxd6 Kg7 34.
Rd7+ Kg8 35. Rf7 c4 36. dxc4 bxc4 37. d6 Rd8 38. d7 Ne2 39. Re7 1-0

[Event "European Youth Chess Championship B10"]
[Site "Prague, Top Hotel Prague"]
[Date "2016.08.25"]
[Round "7.29"]
[White "Sultanahmedov, Bulat"]
[Black "Merts, Dmitrii"]
[Result "0-1"]
[WhiteElo "1356"]
[BlackElo "1590"]
[PlyCount "80"]
[EventDate "2016.08.18"]

1. e4 c5 2. Nc3 e6 3. f4 d5 4. Bb5+ Nc6 5. Nf3 Nf6 6. e5 Nd7 7. Bxc6 bxc6 8.
O-O Ba6 9. Re1 Be7 10. d3 O-O 11. b3 Rb8 12. Kh1 Nb6 13. Qe2 c4 14. dxc4 dxc4
15. Bd2 Qc8 16. Qf2 Qc7 17. Rad1 c5 18. Qg3 Kh8 19. Ng5 cxb3 20. cxb3 Rbd8 21.
Nce4 Bd3 22. Re3 Bxg5 23. Rxd3 Be7 24. Rc3 Nd5 25. Rc4 Nb6 26. Rc2 Rd4 27. Nc3
Qd7 28. Qf3 Rd8 29. h3 Nd5 30. Ne4 Nb4 31. Rb2 Rd3 32. Qe2 Qd4 33. Rbb1 a5 34.
Nf2 Rxd2 35. Rxd2 Qxd2 36. Qf1 Qxf4 37. Qe1 Rd2 38. Ne4 Rd4 39. Nf2 Bh4 40. Rc1
Bxf2 0-1

[Event "European Youth Chess Championship B10"]
[Site "Prague, Top Hotel Prague"]
[Date "2016.08.25"]
[Round "7.30"]
[White "Dias, Savin"]
[Black "Pasztor, Balazs"]
[Result "1/2-1/2"]
[WhiteElo "1516"]
[BlackElo "1825"]
[PlyCount "78"]
[EventDate "2016.08.18"]

1. d4 d5 2. c4 e6 3. Nc3 Be7 4. Nf3 Nf6 5. Bf4 b6 6. Rc1 O-O 7. cxd5 exd5 8.
Nb5 Bb4+ 9. Nd2 Ne4 10. Nxc7 Na6 11. Nxa8 Qf6 12. f3 Bxd2+ 13. Bxd2 Qh4+ 14. g3
Nxg3 15. Bg5 Qxg5 16. Rg1 Bb7 17. Rxg3 Qf4 18. Nxb6 axb6 19. Qd2 Qd6 20. Bh3
Nb4 21. a3 Nc6 22. Kf2 Qf6 23. Rcg1 g6 24. e3 Ne7 25. Qc2 Bc8 26. Qd2 Bf5 27.
f4 Rc8 28. Bxf5 Nxf5 29. R3g2 Nd6 30. Ke2 Qf5 31. Rc1 Qh5+ 32. Kf1 Qf3+ 33. Kg1
Rxc1+ 34. Qxc1 Nc4 35. b3 Nd6 36. Qd2 Qe4 37. Qc1 Nf5 38. Re2 h5 39. a4 Nxd4
1/2-1/2

[Event "European Youth Chess Championship B10"]
[Site "Prague, Top Hotel Prague"]
[Date "2016.08.25"]
[Round "7.31"]
[White "Kopaloff, Liam"]
[Black "Caliskan, Seha"]
[Result "0-1"]
[WhiteElo "1479"]
[BlackElo "1645"]
[PlyCount "90"]
[EventDate "2016.08.18"]

1. e4 e6 2. d4 d5 3. e5 c5 4. c3 Nc6 5. Nf3 Qb6 6. a3 cxd4 7. cxd4 Nge7 8. Bd3
Nf5 9. Bxf5 exf5 10. Nc3 Be6 11. O-O Be7 12. Ne2 h6 13. Nf4 O-O 14. b3 Rac8 15.
Bb2 Na5 16. Nd2 Rc7 17. Nd3 Rfc8 18. b4 Nc4 19. Nxc4 Rxc4 20. Nc5 Bxc5 21. dxc5
Qb5 22. Rc1 a5 23. Rxc4 Qxc4 24. Qd2 axb4 25. axb4 Ra8 26. Rc1 Qb5 27. Bc3 Ra4
28. Qb2 Kf8 29. h3 Qc4 30. Rc2 Ke7 31. Bd2 Qb5 32. Qc3 Ra6 33. Qf3 Ra1+ 34. Kh2
Kf8 35. Qc3 Ra6 36. Qf3 Ra8 37. Qg3 Qf1 38. Qh4 Ke8 39. c6 Ra1 40. b5 Qg1+ 41.
Kg3 Ra3+ 42. Be3 bxc6 43. Rxc6 g5 44. Qxh6 f4+ 45. Kf3 Qd1# 0-1

[Event "European Youth Chess Championship B10"]
[Site "Prague, Top Hotel Prague"]
[Date "2016.08.25"]
[Round "7.32"]
[White "Prieb, Robert"]
[Black "Eilenberg, Jonas"]
[Result "1/2-1/2"]
[WhiteElo "1470"]
[BlackElo "1634"]
[PlyCount "58"]
[EventDate "2016.08.18"]

1. d4 d5 2. c4 e6 3. Nc3 c6 4. e3 f5 5. Bd3 Nf6 6. Nge2 Bd6 7. f3 O-O 8. O-O
Nbd7 9. Bd2 b6 10. cxd5 cxd5 11. Nb5 Bb8 12. Bb4 Rf7 13. Nd6 Bxd6 14. Bxd6 Ne8
15. Bg3 Qe7 16. Rc1 Bb7 17. Qa4 e5 18. Bf2 e4 19. fxe4 fxe4 20. Bc2 Nd6 21. Nf4
b5 22. Qb3 Nb6 23. Bd1 Nbc4 24. Rc2 Raf8 25. Bg4 Nf5 26. Bxf5 Rxf5 27. Qxb5 g5
28. g4 Rxf4 29. exf4 gxf4 1/2-1/2

[Event "European Youth Chess Championship B10"]
[Site "Prague, Top Hotel Prague"]
[Date "2016.08.25"]
[Round "7.33"]
[White "Han, Yichen"]
[Black "Aguado, Doncel Pablo Luis"]
[Result "1-0"]
[WhiteElo "1627"]
[BlackElo "1514"]
[PlyCount "121"]
[EventDate "2016.08.18"]

1. e4 e5 2. Nf3 Nf6 3. Nxe5 d6 4. Nf3 Nxe4 5. Nc3 Nf6 6. d4 Be7 7. Bg5 O-O 8.
Qd2 Nbd7 9. O-O-O a6 10. Bd3 b5 11. Kb1 b4 12. Ne2 a5 13. Rdg1 Bb7 14. Ng3 c5
15. Nf5 Re8 16. N3h4 Bf8 17. Re1 Qc7 18. Bxf6 Nxf6 19. Bb5 Bc6 20. Bxc6 Qxc6
21. Qg5 Ne4 22. Nh6+ Kh8 23. Nxf7+ Kg8 24. Qf5 cxd4 25. Ng5 Nxg5 26. Qxg5 Qc5
27. Qd2 a4 28. Nf3 d3 29. cxd3 a3 30. b3 Be7 31. Qc2 Qxc2+ 32. Kxc2 Rac8+ 33.
Kd2 Bf6 34. Rxe8+ Rxe8 35. d4 Kf7 36. Rc1 d5 37. Rc5 Ke6 38. Kd3 Be7 39. Rc6+
Kd7 40. Ne5+ Kd8 41. f4 Rf8 42. g3 Rf6 43. Rc2 Bd6 44. Ke3 h5 45. h3 Re6 46.
Kf3 Bxe5 47. fxe5 Re7 48. Rc5 Rf7+ 49. Ke3 Rd7 50. Rb5 Rc7 51. Rxd5+ Ke7 52.
Rc5 Rd7 53. d5 Rd8 54. Rc7+ Kf8 55. Ke4 Kg8 56. e6 Re8 57. Ke5 Kf8 58. Rf7+ Kg8
59. d6 Rc8 60. Rc7 Rb8 61. d7 1-0

[Event "European Youth Chess Championship B10"]
[Site "Prague, Top Hotel Prague"]
[Date "2016.08.25"]
[Round "7.34"]
[White "Pilar, Vit"]
[Black "Pedmanson, Albert"]
[Result "1-0"]
[WhiteElo "1453"]
[BlackElo "1602"]
[PlyCount "65"]
[EventDate "2016.08.18"]

1. d4 Nf6 2. c4 e6 3. Nc3 Bb4 4. Nf3 O-O 5. Qc2 c5 6. e3 d5 7. Bd3 Nc6 8. cxd5
exd5 9. dxc5 d4 10. exd4 Nxd4 11. Nxd4 Qxd4 12. O-O Rd8 13. Rd1 Re8 14. Bb5 Bf5
15. Qxf5 Bxc3 16. Rxd4 Re1+ 17. Bf1 Bxd4 18. Qd3 Rd8 19. Qd2 Re7 20. Qa5 b6 21.
cxb6 Bxb6 22. Qb4 Re4 23. Qc3 Ng4 24. g3 Bxf2+ 25. Kg2 Ne3+ 26. Bxe3 Bxe3 27.
Re1 Rde8 28. Kf3 g5 29. Rxe3 Rxe3+ 30. Qxe3 g4+ 31. Kf4 Rxe3 32. Kxe3 Kg7 33.
Kf4 1-0

[Event "European Youth Chess Championship B10"]
[Site "Prague, Top Hotel Prague"]
[Date "2016.08.25"]
[Round "7.35"]
[White "Hlavina, Matous"]
[Black "Kabadayi, Suleyman Arda"]
[Result "1-0"]
[WhiteElo "1586"]
[BlackElo "1487"]
[PlyCount "111"]
[EventDate "2016.08.18"]

1. e4 c5 2. Nf3 e6 3. d4 cxd4 4. Nxd4 a6 5. Nc3 b5 6. a3 Bb7 7. Be2 Nf6 8. Bf3
Qc7 9. O-O d6 10. Be3 Nbd7 11. Nb3 Be7 12. Re1 O-O 13. Qe2 Ne5 14. Nd2 Rac8 15.
Rac1 Nfd7 16. Qd1 Bf6 17. Bd4 Bg5 18. Be3 Bf6 19. Bd4 Rfd8 20. Bh5 Nc5 21. Qe2
Ncd7 22. f4 Nc4 23. Bxf6 Nxf6 24. Nxc4 Qxc4 25. Bf3 Qxe2 26. Rxe2 d5 27. e5 Nd7
28. Nd1 Nc5 29. Nf2 Rc7 30. c3 Nb3 31. Rd1 Na5 32. g3 Nc4 33. Ng4 Rcd7 34. Rd4
Na5 35. Rc2 Nc4 36. Kf2 Kf8 37. Ne3 Bc6 38. Ke2 Rb7 39. Bg2 Na5 40. Rb4 Nc4 41.
Nxc4 bxc4 42. Rxb7 Bxb7 43. Ke3 Bc6 44. Kd4 Rc8 45. Rd2 Ke7 46. Bf3 g6 47. Bd1
Rb8 48. Rf2 h5 49. Rd2 Kd7 50. Ke3 Rb5 51. Be2 Rb8 52. Bxc4 Kc7 53. Bxa6 Bb5
54. Bxb5 Rxb5 55. Kd4 Kc6 56. c4 1-0